000 00497nam a2200157 a 4500
001 000037693
005 20201002031113.0
008 121115s2012 dr 000 0 spa d
040 _aDO-SdBNP
_bspa
_cBNPHU
082 _axxx
_bxxx
100 1 _aGuerien Batiste, Gilberto
_964157
245 1 0 _aEn busca de un amigo /
_cGilberto Guerien Batiste.
260 _aSanto Domingo :
_bImpresos PASDI,
_c2012.
300 _a92 P. ;
_c22 cm.
500 _aIncluye datos biográficos del autor en la contraportada
999 _c37183
_d37183